Catálogo
 En Linea

Literatura e ideas en la historia hispanoamericana / (Registro nro. 1800)

Detalles MARC
000 -CABECERA
campo de control de longitud fija 00911cam a2200241 a 4500
001 - NÚMERO DE CONTROL
campo de control 000001934
005 - FECHA Y HORA DE LA ÚLTIMA TRANSACCIÓN
campo de control 20200929145749.0
008 - DATOS DE LONGITUD FIJA--INFORMACIÓN GENERAL
campo de control de longitud fija 920926s1991 ve ac b 001 0 spa
020 ## - NÚMERO INTERNACIONAL ESTÁNDAR DEL LIBRO
Número Internacional Estándar del Libro 9802594474
040 ## - FUENTE DE LA CATALOGACIÓN
Centro catalogador/agencia de origen DO-SdBNP
Centro/agencia transcriptor DLC
082 ## - NÚMERO DE LA CLASIFICACIÓN DECIMAL DEWEY
Número de clasificación 860.98
Número de documento/Ítem N321l
100 1# - ENTRADA PRINCIPAL--NOMBRE DE PERSONA
Nombre de persona Navarrete Orta, Luis,
Fechas asociadas al nombre 1932-
9 (RLIN) 6271
245 10 - MENCIÓN DE TÍTULO
Título Literatura e ideas en la historia hispanoamericana /
Mención de responsabilidad, etc. Luis Navarrete Orta.
260 ## - PUBLICACIÓN, DISTRIBUCIÓN, ETC.
Lugar de publicación, distribución, etc. Caracas :
Nombre del editor, distribuidor, etc. Lagoven,
Fecha de publicación, distribución, etc. 1991.
300 ## - DESCRIPCIÓN FÍSICA
Extensión 186 p. :
Otras características físicas il. ;
Dimensiones 21 cm.
440 #0 - MENCIÓN DE SERIE/PUNTO DE ACCESO ADICIONAL--TÍTULO
Título Cuadernos Lagoven.
Nombre de parte o sección de la obra Medio milenio
9 (RLIN) 6272
500 ## - NOTA GENERAL
Nota general Comisión Venezolana para la conmemoración del Quinto Centenario del descubrimiento de América. Encuentro de dos mundos
504 ## - NOTA DE BIBLIOGRAFÍA, ETC.
Nota de bibliografía, etc. Bibliografía: p. 168-173.
650 #4 - PUNTO DE ACCESO ADICIONAL DE MATERIA--TÉRMINO DE MATERIA
Término de materia o nombre geográfico como elemento de entrada Literatura latinoamericana
Subdivisión general Historia y crítica
9 (RLIN) 5706
650 #0 - PUNTO DE ACCESO ADICIONAL DE MATERIA--TÉRMINO DE MATERIA
Término de materia o nombre geográfico como elemento de entrada Literatura hispanoamericana
Subdivisión general Historia y crítica
9 (RLIN) 6273
910 ## - DATOS DE OPCIÓN DEL USUARIO (OCLC)
Datos de opción del usuario Catalogación por copia / LC
910 ## - DATOS DE OPCIÓN DEL USUARIO (OCLC)
Datos de opción del usuario WM
Existencias
Estado de retiro Estado de pérdida Restricciones de uso No para préstamo Código de colección Localización permanente Ubicación/localización actual Ubicación en estantería Fecha de adquisición Número de inventario Total de préstamos Signatura topográfica completa Código de barras Fecha visto por última vez Precio válido a partir de Tipo de ítem Koha
    Préstamo interno   Monografías: Libros y Folletos General General Depósito 09.07.2009 LF1   860.98 N321l 1934-10 25.06.2020 25.06.2020 Préstamo interno

Con tecnología Koha